The Norton anthology of America literature. (Record no. 6140)
[ view plain ]
| 000 -LEADER | |
|---|---|
| fixed length control field | 00471nam a22001457a 4500 |
| 008 - FIXED-LENGTH DATA ELEMENTS--GENERAL INFORMATION | |
| fixed length control field | 150922b xxu||||| |||| 00| 0 eng d |
| 020 ## - INTERNATIONAL STANDARD BOOK NUMBER | |
| International Standard Book Number | 0393972917 |
| 050 ## - LIBRARY OF CONGRESS CALL NUMBER | |
| Classification number | PS 507.N65 1999 |
| 100 ## - MAIN ENTRY--PERSONAL NAME | |
| Personal name | Baym,Nina. |
| 245 ## - TITLE STATEMENT | |
| Title | The Norton anthology of America literature. |
| Statement of responsibility, etc. | Nina Baym. |
| 250 ## - EDITION STATEMENT | |
| Edition statement | 5th ed |
| 260 ## - PUBLICATION, DISTRIBUTION, ETC. (IMPRINT) | |
| Place of publication, distribution, etc. | NewYork: |
| Name of publisher, distributor, etc. | W.W.Norton, |
| Date of publication, distribution, etc. | 1999. |
| 300 ## - PHYSICAL DESCRIPTION | |
| Extent | xxxii,2879p. |
| Other physical details | Includes bibliographical references and index |
| 942 ## - ADDED ENTRY ELEMENTS (KOHA) | |
| Source of classification or shelving scheme | |
| Koha item type | Hard Covered Materials |
| Classification part | PS 507.N65 1999 |
| Withdrawn status | Lost status | Source of classification or shelving scheme | Damaged status | Not for loan | Home library | Current library | Date acquired | Source of acquisition | Total Checkouts | Full call number | Barcode | Date last seen | Price effective from | Koha item type |
|---|---|---|---|---|---|---|---|---|---|---|---|---|---|---|
| MACHAKOS UNIVERSITY LIBRARY | MACHAKOS UNIVERSITY LIBRARY | 22/09/2015 | Donation (BFA) | PS 507.N65 1999 | 10670 | 22/09/2015 | 22/09/2015 | Hard Covered Materials |